[Event "40th Olympiad Open"]
[Site "Istanbul TUR"]
[Date "2012.09.04"]
[Round "7.21"]
[Board "1"]
[White "Ftacnik, Lubomir"]
[Black "Megaranto, Susanto"]
[Result "1/2-1/2"]
[WhiteTitle "GM"]
[BlackTitle "GM"]
[WhiteElo "2532"]
[BlackElo "2529"]
[WhiteTeam "Slovakia"]
[BlackTeam "Indonesia"]
[WhiteFideId "14900017"]
[BlackFideId "7101384"]
[EventDate "2012.08.28"]

1. Nf3 Nf6 2. c4 c6 3. d4 d5 4. Nc3 g6 5. e3 Bg7 6. Be2 O-O 7. O-O Bg4 8. cxd5
cxd5 9. h3 Bxf3 10. Bxf3 Nc6 11. Qb3 Na5 12. Qb4 e6 13. b3 Re8 14. Bd2 Bf8 15.
Qb5 a6 16. Qd3 Nc6 17. Rfd1 Rc8 18. Be1 Ba3 19. Rab1 Qe7 20. e4 Nb4 21. Qe2 dxe4
22. Nxe4 Nxe4 23. Bxe4 Red8 24. Bxb4 Bxb4 25. Rd3 Rc3 26. Rbd1 Rxd3 27. Rxd3 Rd7
28. Qd1 Kg7 29. a4 Qf6 30. g3 b6 31. Kg2 a5 32. Bc6 Rd6 33. Bb5 e5 34. dxe5 Qxe5
35. Rxd6 Qxd6 36. Qxd6 1/2-1/2

[Event "40th Olympiad Open"]
[Site "Istanbul TUR"]
[Date "2012.09.04"]
[Round "7.21"]
[Board "2"]
[White "Purnama, Tirta Chandra"]
[Black "Petrik, Tomas"]
[Result "0-1"]
[WhiteTitle "IM"]
[BlackTitle "GM"]
[WhiteElo "2384"]
[BlackElo "2529"]
[WhiteTeam "Indonesia"]
[BlackTeam "Slovakia"]
[WhiteFideId "7101422"]
[BlackFideId "14901625"]
[EventDate "2012.08.28"]

1. d4 Nf6 2. c4 e6 3. Nf3 c5 4. Nc3 cxd4 5. Nxd4 Bb4 6. Nb5 O-O 7. a3 Bxc3+ 8.
Nxc3 d5 9. cxd5 exd5 10. e3 Nc6 11. Be2 Bf5 12. O-O a6 13. Bd2 Re8 14. Rc1 Qd6
15. Qa4 Rad8 16. Rfe1 Ne5 17. Rcd1 b5 18. Qd4 h6 19. Bc1 Neg4 20. f4 Ne4 21. Bf3
Qg6 22. Nxd5 Kh8 23. Ne7 Qh5 24. Bxg4 0-1

[Event "40th Olympiad Open"]
[Site "Istanbul TUR"]
[Date "2012.09.04"]
[Round "7.22"]
[Board "2"]
[White "Zhigalko, Andrey"]
[Black "Gerzhoy, Leonid"]
[Result "1/2-1/2"]
[WhiteTitle "GM"]
[BlackTitle "IM"]
[WhiteElo "2582"]
[BlackElo "2448"]
[WhiteTeam "Belarus"]
[BlackTeam "Canada"]
[WhiteFideId "13502247"]
[BlackFideId "2806126"]
[EventDate "2012.08.28"]

1. e4 e6 2. d4 d5 3. Nc3 Bb4 4. e5 c5 5. a3 Ba5 6. Qg4 Ne7 7. Qxg7 Rg8 8. Qxh7
cxd4 9. b4 dxc3 10. bxa5 Nbc6 11. Nf3 Qc7 12. Bf4 Bd7 13. a6 O-O-O 14. axb7+ Kb8
15. Bd3 f5 16. Bg5 Rde8 17. O-O Rh8 18. Qf7 Nd8 19. Qf6 d4 20. Qxh8 Rxh8 21.
Bxe7 Nf7 22. Bf6 Rg8 23. Nxd4 Nxe5 24. Be2 Ng6 25. Rfe1 e5 26. Nf3 e4 27. Ng5
Nf4 28. h4 Bc6 29. Bf1 Bxb7 30. Rab1 Ka8 31. Rb5 Nd5 32. Bd4 a6 33. Rc5 Qd7 34.
Rb1 e3 35. fxe3 f4 36. Bc4 Nxe3 37. Bxe3 fxe3 38. Bxg8 e2 39. Bd5 Bxd5 40. Rxc3
Qg4 41. Nf3 Bxf3 42. Rxf3 Qd4+ 43. Kh2 Qxh4+ 44. Rh3 e1=Q 45. Rxe1 Qxe1 46. Rf3
Qc1 47. c4 Qxc4 48. Rh3 Kb7 49. Rf3 a5 50. Rh3 Kc6 51. Rf3 Kb5 52. Rh3 Ka4 53.
Kh1 Qc1+ 54. Kh2 Qf1 55. Rc3 Qf4+ 56. Kh1 Qh4+ 57. Rh3 Qe1+ 58. Kh2 Qd1 59. Rc3
Kb5 60. Rf3 Kc4 61. Rh3 Qd6+ 62. Kh1 Kd4 63. Rf3 Ke4 64. Kg1 Qd1+ 65. Kh2 Qe1
66. Rh3 Kd4 67. Rf3 Kc4 68. Rh3 Kb5 69. Rf3 Qe7 70. Rh3 Ka4 71. Kh1 Qc7 72. Kg1
Qb7 73. Kh1 Qb6 74. Kh2 Qb1 75. Rf3 Qc1 1/2-1/2

[Event "40th Olympiad Open"]
[Site "Istanbul TUR"]
[Date "2012.09.04"]
[Round "7.24"]
[Board "1"]
[White "Morovic Fernandez, Ivan"]
[Black "Solomon, Kenny"]
[Result "0-1"]
[WhiteTitle "GM"]
[BlackTitle "IM"]
[WhiteElo "2575"]
[BlackElo "2414"]
[WhiteTeam "Chile"]
[BlackTeam "South Africa"]
[WhiteFideId "3405400"]
[BlackFideId "14300192"]
[EventDate "2012.08.28"]

1. Nf3 Nf6 2. g3 d5 3. Bg2 c6 4. O-O Bg4 5. d4 Nbd7 6. c4 e6 7. Qb3 Qb6 8. Nc3
Be7 9. Bf4 O-O 10. h3 Bf5 11. c5 Qxb3 12. axb3 h6 13. b4 g5 14. Be3 a6 15. Nd2
Rab8 16. f3 Bg6 17. g4 Ne8 18. Bf2 Bf6 19. Nb3 e5 20. dxe5 Bxe5 21. Bd4 Bg3 22.
Bf2 Be5 23. Bd4 Bg3 24. e4 dxe4 25. Nxe4 Bxe4 26. fxe4 Nc7 27. Bc3 Ne6 28. Rad1
Ne5 29. Na5 Nf4 30. Rd2 Nfg6 31. Rfd1 Bf4 32. Rd6 Kh7 33. Kf2 Rfe8 34. Bf1 Nf8
35. Rf6 Re7 36. Nc4 Nfg6 37. Nd6 Re6 38. Rf5 Rd8 39. Be2 Rd7 40. Ne8 Rxd1 0-1

[Event "40th Olympiad Open"]
[Site "Istanbul TUR"]
[Date "2012.09.04"]
[Round "7.24"]
[Board "2"]
[White "Kobese, Watu"]
[Black "Vasquez Schroeder, Rodrigo"]
[Result "0-1"]
[WhiteTitle "IM"]
[BlackTitle "GM"]
[WhiteElo "2363"]
[BlackElo "2533"]
[WhiteTeam "South Africa"]
[BlackTeam "Chile"]
[WhiteFideId "14300141"]
[BlackFideId "3400042"]
[EventDate "2012.08.28"]

1. e4 c5 2. Nf3 d6 3. d4 cxd4 4. Nxd4 Nf6 5. Nc3 a6 6. Bc4 e6 7. Bb3 b5 8. Be3
Bb7 9. f4 Nxe4 10. Nxe4 Bxe4 11. f5 e5 12. Bxf7+ Kxf7 13. Ne6 Qa5+ 14. Bd2 Qb6
15. Ng5+ Kg8 16. Nxe4 d5 17. Qf3 Qb7 18. Qb3 Nd7 19. a4 h6 20. axb5 axb5 21.
Rxa8 Qxa8 22. O-O Kh7 23. Nc3 Bc5+ 24. Kh1 Nf6 25. Qxb5 Rc8 26. Qa4 d4 27. Qxa8
Rxa8 28. Ne2 Ne4 29. Bc1 d3 30. cxd3 Nf2+ 31. Rxf2 Bxf2 32. g4 Rd8 33. Kg2 Bb6
34. Kf3 Rxd3+ 35. Ke4 Rh3 36. Kxe5 Rxh2 37. Nc3 Rc2 38. Na2 Bd8 39. Ke4 Bf6 40.
Kf3 Bxb2 41. Bxb2 Rxb2 42. Nc1 Kg8 43. Nd3 Rb3 44. Ke4 Kf7 45. Ne5+ Kf6 46. Kd4 0-1

[Event "40th Olympiad Open"]
[Site "Istanbul TUR"]
[Date "2012.09.04"]
[Round "7.24"]
[Board "3"]
[White "Flores Rios, Mauricio"]
[Black "Johannes Manyedi, Mabusela"]
[Result "1-0"]
[WhiteTitle "GM"]
[BlackTitle "IM"]
[WhiteElo "2498"]
[BlackElo "2306"]
[WhiteTeam "Chile"]
[BlackTeam "South Africa"]
[WhiteFideId "3408027"]
[BlackFideId "14300702"]
[EventDate "2012.08.28"]

1. e4 e6 2. Qe2 Be7 3. g3 d5 4. d3 c5 5. Bg2 Nc6 6. Nf3 Nf6 7. O-O dxe4 8. dxe4
e5 9. c3 O-O 10. Nbd2 b6 11. Re1 Qc7 12. Nf1 Be6 13. Ne3 Nxe4 14. Nxe5 Qxe5 15.
f4 Qc7 16. Bxe4 Rae8 17. f5 Bd7 18. Nd5 Qd8 19. Qh5 h6 20. Bxh6 gxh6 21. f6 Bxf6
22. Qxh6 Rxe4 23. Nxf6+ Qxf6 24. Qxf6 Rxe1+ 25. Rxe1 1-0

[Event "40th Olympiad Open"]
[Site "Istanbul TUR"]
[Date "2012.09.04"]
[Round "7.24"]
[Board "4"]
[White "Cawdery, Daniel"]
[Black "Salinas Herrera, Pablo"]
[Result "1-0"]
[WhiteTitle "CM"]
[BlackTitle "FM"]
[WhiteElo "2284"]
[BlackElo "2417"]
[WhiteTeam "South Africa"]
[BlackTeam "Chile"]
[WhiteFideId "14300249"]
[BlackFideId "3407128"]
[EventDate "2012.08.28"]

1. e4 c5 2. Nf3 e6 3. d4 cxd4 4. Nxd4 Nf6 5. Nc3 d6 6. g4 h6 7. Bg2 a6 8. h4
Nfd7 9. g5 hxg5 10. hxg5 Rxh1+ 11. Bxh1 g6 12. Be3 Nc6 13. f4 Qc7 14. Qe2 Rb8
15. O-O-O Nxd4 16. Bxd4 b5 17. e5 dxe5 18. fxe5 Be7 19. Qe3 b4 20. Ne4 Rb5 21.
Qg3 Bb7 22. Nd6+ Bxd6 23. exd6 Qb8 24. Qh2 Bd5 25. Bg7 f5 26. Bxd5 Rxd5 27. Rxd5 1-0

[Event "40th Olympiad Open"]
[Site "Istanbul TUR"]
[Date "2012.09.04"]
[Round "7.26"]
[Board "2"]
[White "Karttunen, Mika"]
[Black "Ly, Moulthun"]
[Result "0-1"]
[WhiteTitle "IM"]
[BlackTitle "IM"]
[WhiteElo "2448"]
[BlackElo "2397"]
[WhiteTeam "Finland"]
[BlackTeam "Australia"]
[WhiteFideId "502081"]
[BlackFideId "3204405"]
[EventDate "2012.08.28"]

1. e4 c5 2. Nf3 e6 3. d4 cxd4 4. Nxd4 a6 5. Bd3 Nf6 6. O-O d6 7. b3 g6 8. Bb2
Bg7 9. Nd2 O-O 10. a4 Nbd7 11. Re1 Nc5 12. Bf1 e5 13. N4f3 a5 14. g3 b6 15. Bg2
Bb7 16. Nh4 Qc7 17. Re2 Rad8 18. Qe1 Bh6 19. Nhf3 Ba6 20. c4 Nd3 21. Qb1 Nxb2
22. Qxb2 Nd7 23. Ne1 Nc5 24. Nc2 Bb7 25. Ne3 Ne6 26. Rd1 Bc6 27. Nf3 Bxe4 28.
Nxe5 Bxg2 29. N5g4 Bg7 30. Nf6+ Bxf6 31. Qxf6 Ba8 32. Rd5 Ng7 33. Rd4 Rfe8 34.
Rdd2 Re6 35. Qh4 Bf3 36. Re1 Nf5 37. Qf4 Nxe3 38. fxe3 Ba8 39. e4 Qc5+ 40. Rf2
f5 41. g4 Rxe4 42. Rxe4 Bxe4 43. gxf5 Bxf5 44. Kg2 Rf8 45. Kg1 d5 46. cxd5 Be4 0-1

[Event "40th Olympiad Open"]
[Site "Istanbul TUR"]
[Date "2012.09.04"]
[Round "7.26"]
[Board "3"]
[White "Wohl, Aleksandar H."]
[Black "Agopov, Mikael"]
[Result "0-1"]
[WhiteTitle "IM"]
[BlackTitle "IM"]
[WhiteElo "2411"]
[BlackElo "2429"]
[WhiteTeam "Australia"]
[BlackTeam "Finland"]
[WhiteFideId "3200345"]
[BlackFideId "501840"]
[EventDate "2012.08.28"]

1. e4 c5 2. Nc3 Nc6 3. f4 g6 4. Nf3 Bg7 5. Bc4 e6 6. f5 Nge7 7. fxe6 fxe6 8. d3
d5 9. Bb3 b5 10. a3 c4 11. Ba2 a6 12. O-O O-O 13. Bd2 Nd4 14. Nxd4 Bxd4+ 15. Kh1
Rxf1+ 16. Qxf1 Bb7 17. Qe2 Qd6 18. Re1 Rf8 19. Nd1 dxe4 20. dxc4 Rf5 21. Bb4 Qf4
22. cxb5 Be5 23. Bxe6+ Kg7 0-1

[Event "40th Olympiad Open"]
[Site "Istanbul TUR"]
[Date "2012.09.04"]
[Round "7.26"]
[Board "4"]
[White "Ebeling, Daniel"]
[Black "Illingworth, Max"]
[Result "1/2-1/2"]
[WhiteTitle "FM"]
[BlackTitle "FM"]
[WhiteElo "2350"]
[BlackElo "2360"]
[WhiteTeam "Finland"]
[BlackTeam "Australia"]
[WhiteFideId "505170"]
[BlackFideId "3205207"]
[EventDate "2012.08.28"]

1. e4 e6 2. d4 d5 3. Nd2 c5 4. Ngf3 cxd4 5. Nxd4 Nf6 6. exd5 Qxd5 7. N2f3 Be7 8.
Be2 O-O 9. O-O Rd8 10. Nb5 Qc5 11. Bd3 Nc6 12. Be3 Qh5 13. Nfd4 Qxd1 14. Rfxd1
Nd5 15. Nxc6 bxc6 16. Nd4 Bd7 17. Bd2 e5 18. Nf5 Bf8 19. Ne3 Be8 20. a3 g6 21.
Bc4 Nb6 22. Bb3 e4 23. Bc3 Bg7 24. Bxg7 Kxg7 25. Kf1 f5 26. g3 Kf6 27. h4 Ke5
28. Ke2 Rac8 29. f3 exf3+ 30. Kxf3 c5 31. Nc4+ Nxc4 32. Bxc4 Bc6+ 33. Ke3 h6 34.
Be2 Rd4 35. c3 Rdd8 36. Bf3 Ba4 37. Rxd8 Rxd8 38. b4 Rc8 39. Rc1 g5 40. hxg5
hxg5 41. Re1 Kf6 42. bxc5 Rxc5 43. Kd4 Ra5 44. c4 Bd7 45. Re3 Be6 46. Rc3 Re5
47. c5 Re1 48. Bb7 Rd1+ 49. Ke3 Ke5 50. c6 f4+ 51. gxf4+ gxf4+ 52. Kf2 Rb1 53.
Rc2 Bh3 54. Ba6 Rb6 55. Be2 Bc8 56. Bf3 Kd6 57. Rc4 Rb2+ 58. Ke1 Rb3 59. Rxf4
Rxa3 60. Rf8 Kc7 61. Rf7+ Kb6 62. Kd2 a5 63. Rf8 1/2-1/2

[Event "40th Olympiad Open"]
[Site "Istanbul TUR"]
[Date "2012.09.04"]
[Round "7.27"]
[Board "3"]
[White "Escobar Forero, Alder"]
[Black "Ismagambetov, Anuar"]
[Result "1/2-1/2"]
[WhiteTitle "IM"]
[BlackTitle "GM"]
[WhiteElo "2493"]
[BlackElo "2471"]
[WhiteTeam "Colombia"]
[BlackTeam "Kazakhstan"]
[WhiteFideId "4400801"]
[BlackFideId "13701525"]
[EventDate "2012.08.28"]

1. e4 e5 2. Nf3 Nc6 3. Bb5 a6 4. Ba4 Nge7 5. c3 g6 6. d4 exd4 7. cxd4 b5 8. Bb3
Bg7 9. Bg5 h6 10. Bh4 O-O 11. O-O d6 12. h3 Na5 13. Bc2 Bb7 14. Nc3 Re8 15. Re1
Rc8 16. Re2 Nc4 17. Bb3 Na5 18. Bc2 Nc4 19. Bd3 Nb6 20. Rc1 c5 21. dxc5 Rxc5 22.
Rec2 Qd7 23. Ne2 Rxc2 24. Rxc2 Nc6 25. Rd2 Na4 26. Qc1 Nb4 27. Bb1 Bxe4 28. Bxe4
Rxe4 29. b3 Nb6 30. Bg3 d5 31. Ned4 Qe7 32. a3 Bxd4 33. Rxd4 Rxd4 34. Nxd4 Nd3
35. Qc6 Nd7 36. Qxd5 N7c5 37. Nf3 Qe4 38. Qd8+ Kg7 39. b4 Ne6 40. Qd6 Nef4 41.
Bxf4 Nxf4 42. Kh2 Nd3 1/2-1/2

[Event "40th Olympiad Open"]
[Site "Istanbul TUR"]
[Date "2012.09.04"]
[Round "7.27"]
[Board "4"]
[White "Kostenko, Petr"]
[Black "Rios, Cristhian Camilo"]
[Result "0-1"]
[WhiteTitle "GM"]
[BlackTitle "FM"]
[WhiteElo "2494"]
[BlackElo "2398"]
[WhiteTeam "Kazakhstan"]
[BlackTeam "Colombia"]
[WhiteFideId "13700669"]
[BlackFideId "4403940"]
[EventDate "2012.08.28"]

1. c4 e5 2. g3 Nc6 3. Bg2 g6 4. Nc3 Bg7 5. Rb1 a5 6. a3 f5 7. e3 Nf6 8. Nge2 O-O
9. O-O Ne7 10. d4 d6 11. b3 e4 12. f3 exf3 13. Bxf3 d5 14. a4 Be6 15. Ba3 Bf7
16. Nf4 dxc4 17. bxc4 g5 18. Nd3 Bxc4 19. Ne5 Bxf1 20. Qxf1 Kh8 21. Qc4 Ne8 22.
Rxb7 Nd6 23. Bxd6 Qxd6 24. Nb5 Qb4 25. Nxc7 Qe1+ 26. Kg2 Bxe5 27. dxe5 Rad8 28.
Rb2 Rd2+ 29. Rxd2 Qxd2+ 30. Qe2 Qd7 31. Nb5 g4 32. Nd6 gxf3+ 33. Qxf3 Qc6 34. e4
Ng6 35. exf5 Nxe5 36. Qxc6 Nxc6 37. g4 Kg7 38. Kf3 Rd8 39. Ne4 Rd4 40. g5 Rxa4
41. h4 Rd4 42. h5 a4 43. h6+ Kf7 44. g6+ hxg6 45. h7 Kg7 46. f6+ Kxh7 47. Ng5+
Kg8 48. f7+ Kf8 49. Ne6+ Kxf7 50. Nxd4 Nxd4+ 0-1

[Event "40th Olympiad Open"]
[Site "Istanbul TUR"]
[Date "2012.09.04"]
[Round "7.28"]
[Board "2"]
[White "Alavi, Sayed Javad"]
[Black "Danielsen, Henrik"]
[Result "1/2-1/2"]
[WhiteTitle "IM"]
[BlackTitle "GM"]
[WhiteElo "2458"]
[BlackElo "2511"]
[WhiteTeam "Iran"]
[BlackTeam "Iceland"]
[WhiteFideId "12500607"]
[BlackFideId "1400185"]
[EventDate "2012.08.28"]

1. d4 d6 2. g3 g6 3. Bg2 Bg7 4. Nf3 Nf6 5. O-O O-O 6. c4 c6 7. Nc3 Bf5 8. b3 Ne4
9. Bb2 Nxc3 10. Bxc3 Be4 11. e3 e6 12. Qe2 Nd7 13. Rfc1 d5 14. Bf1 Bxf3 15. Qxf3
f5 16. b4 a6 17. a4 Nf6 18. b5 axb5 19. cxb5 cxb5 20. Bxb5 Ne4 21. Bb4 Rf7 22.
Rc2 Bf8 23. Bxf8 Qxf8 24. Rac1 Qd6 25. Qf4 Qxf4 26. gxf4 Nd6 27. Kf1 Ra5 28. Rb1
Kf8 29. Rb4 Ra7 30. Bd3 Rd7 31. Rc5 Ke7 32. a5 Ra8 33. Rb6 1/2-1/2

[Event "40th Olympiad Open"]
[Site "Istanbul TUR"]
[Date "2012.09.04"]
[Round "7.28"]
[Board "3"]
[White "Gretarsson, Hjorvar Steinn"]
[Black "Darini, Pouria"]
[Result "0-1"]
[WhiteTitle "IM"]
[BlackTitle "IM"]
[WhiteElo "2506"]
[BlackElo "2503"]
[WhiteTeam "Iceland"]
[BlackTeam "Iran"]
[WhiteFideId "2302241"]
[BlackFideId "12502200"]
[EventDate "2012.08.28"]

1. d4 Nf6 2. c4 g6 3. Nc3 d5 4. Nf3 Bg7 5. Qa4+ Bd7 6. Qb3 dxc4 7. Qxc4 O-O 8.
Bf4 Bf5 9. Qxc7 Nc6 10. e3 Qxc7 11. Bxc7 Nb4 12. Rc1 Rfc8 13. Be5 Ne4 14. Bxg7
Kxg7 15. a3 Nd5 16. Bd3 Nexc3 17. Bxf5 gxf5 18. bxc3 Rxc3 19. Rxc3 Nxc3 20. Rg1
Rc8 21. g4 f4 22. exf4 Nb5 23. a4 Nxd4 24. Rg3 Rc1+ 25. Kd2 Nb3+ 26. Ke2 Ra1 27.
Nh4 Nd4+ 28. Kd3 Rxa4 29. Re3 Ne6 30. f5 Nc5+ 0-1

[Event "40th Olympiad Open"]
[Site "Istanbul TUR"]
[Date "2012.09.04"]
[Round "7.28"]
[Board "4"]
[White "Golizadeh, Asghar"]
[Black "Thorhallsson, Throstur"]
[Result "1-0"]
[WhiteTitle "GM"]
[BlackTitle "GM"]
[WhiteElo "2472"]
[BlackElo "2426"]
[WhiteTeam "Iran"]
[BlackTeam "Iceland"]
[WhiteFideId "12505269"]
[BlackFideId "2300109"]
[EventDate "2012.08.28"]

1. e4 e6 2. d4 d5 3. Nc3 Nf6 4. e5 Nfd7 5. f4 c5 6. Nf3 Nc6 7. Be3 Be7 8. Qd2
O-O 9. Be2 b6 10. O-O f6 11. exf6 Nxf6 12. Kh1 Bb7 13. Rad1 Rc8 14. Qe1 Ng4 15.
Bg1 Rxf4 16. Qg3 Bd6 17. dxc5 bxc5 18. Bxc5 Bb8 19. Qh3 h5 20. Qxh5 Qe8 21. Qh3
Nd8 22. Ng5 Nh6 23. Be3 Rxf1+ 24. Rxf1 Be5 25. Bd3 d4 26. Qh5 Qe7 27. Qg6 1-0

[Event "40th Olympiad Open"]
[Site "Istanbul TUR"]
[Date "2012.09.04"]
[Round "7.29"]
[Board "1"]
[White "Adu, Oladapo"]
[Black "Ragger, Markus"]
[Result "0-1"]
[WhiteTitle "IM"]
[BlackTitle "GM"]
[WhiteElo "2227"]
[BlackElo "2670"]
[WhiteTeam "Nigeria"]
[BlackTeam "Austria"]
[WhiteFideId "8500258"]
[BlackFideId "1610856"]
[EventDate "2012.08.28"]

1. d4 d5 2. Nf3 Nf6 3. Bf4 c5 4. e3 Nc6 5. c3 Qb6 6. Qb3 c4 7. Qc2 Bf5 8. Qc1 h6
9. Nbd2 e6 10. Be2 Be7 11. O-O O-O 12. Ne5 Rfc8 13. Re1 Qd8 14. Bf3 Bh7 15. e4
b5 16. exd5 Nxd5 17. Bg3 Nxe5 18. Rxe5 Bf6 19. Re1 b4 20. Be4 Bxe4 21. Nxe4 Be7
22. Bf4 Rc6 23. Re2 a5 24. Bd2 bxc3 25. bxc3 a4 26. Rb1 Rb8 27. Ra1 a3 28. Bf4
Rb2 29. Re1 Qa5 30. g4 Bf8 31. Bd2 f5 32. Ng3 fxg4 33. Re5 Qd8 34. Ne4 Bd6 35.
Nxd6 Rxd6 36. Qe1 Qf6 37. Bc1 Rc2 38. Bd2 Rb6 39. Re4 h5 40. Kf1 Qf3 41. Kg1
Rxd2 0-1

[Event "40th Olympiad Open"]
[Site "Istanbul TUR"]
[Date "2012.09.04"]
[Round "7.30"]
[Board "1"]
[White "Gwaze, Robert"]
[Black "Gundavaa, Bayarsaikhan"]
[Result "0-1"]
[WhiteTitle "IM"]
[BlackTitle "IM"]
[WhiteElo "2454"]
[BlackElo "2519"]
[WhiteTeam "Zimbabwe"]
[BlackTeam "Mongolia"]
[WhiteFideId "11000228"]
[BlackFideId "4901045"]
[EventDate "2012.08.28"]

1. e4 c5 2. Nf3 g6 3. d4 cxd4 4. Nxd4 Nc6 5. Nc3 Bg7 6. Nde2 Nf6 7. g3 b5 8. Bg2
Rb8 9. a3 O-O 10. O-O d6 11. h3 a5 12. f4 b4 13. axb4 axb4 14. Nd5 Nxd5 15. exd5
Qb6+ 16. Kh2 Na5 17. Rf3 Bf5 18. g4 Be4 19. Re3 Bxg2 20. Kxg2 Rb7 21. Re4 Qb5
22. c3 bxc3 23. bxc3 Nc4 24. Ra4 Nb6 25. Rab4 Qa6 26. Rb2 Rfb8 27. Kg3 h6 28.
Kf3 Bf6 29. Reb4 Nc4 30. Rxb7 Rxb7 31. Rxb7 Qxb7 32. g5 hxg5 33. fxg5 Bg7 34.
Nf4 Qb1 35. Kg3 Be5 36. Qe1 Nb2 37. Qe3 0-1

[Event "40th Olympiad Open"]
[Site "Istanbul TUR"]
[Date "2012.09.04"]
[Round "7.30"]
[Board "2"]
[White "Sharavdorj, Dashzegve"]
[Black "Mandiza, Farai"]
[Result "1-0"]
[WhiteTitle "GM"]
[BlackTitle "IM"]
[WhiteElo "2446"]
[BlackElo "2390"]
[WhiteTeam "Mongolia"]
[BlackTeam "Zimbabwe"]
[WhiteFideId "4900340"]
[BlackFideId "11000430"]
[EventDate "2012.08.28"]

1. d4 e6 2. c4 f5 3. Nf3 Nf6 4. g3 c6 5. Bg2 d5 6. O-O Bd6 7. Qc2 O-O 8. Nc3
Nbd7 9. cxd5 Nxd5 10. e4 Nc7 11. exf5 Rxf5 12. Ne4 Be7 13. Bd2 h6 14. Bc3 Nb5
15. Rfe1 Nf6 16. Nh4 Nxe4 17. Bxe4 Bxh4 18. Bxf5 exf5 19. gxh4 Nc7 20. Ba5 b6
21. Qxc6 Bd7 22. Qd6 Ne8 23. Qd5+ Kh8 24. Bb4 Nf6 25. Qe5 Qg8 26. Be7 Nd5 27.
Qd6 Bb5 28. Re5 Nxe7 29. Qxe7 Re8 30. Qb4 Bc6 31. Rae1 Rd8 32. Rxf5 Kh7 33. b3
Re8 34. Re7 Rf8 35. Rfe5 Rf4 36. Qd2 Rg4+ 37. Kf1 Qc8 38. Qc2+ Re4 39. Qd3 Bb7
40. Rxb7 1-0

[Event "40th Olympiad Open"]
[Site "Istanbul TUR"]
[Date "2012.09.04"]
[Round "7.30"]
[Board "4"]
[White "Munkhgal, Gombosuren"]
[Black "Moyo, Dion"]
[Result "1/2-1/2"]
[WhiteTitle "FM"]
[WhiteElo "2394"]
[BlackElo "2210"]
[WhiteTeam "Mongolia"]
[BlackTeam "Zimbabwe"]
[WhiteFideId "4901266"]
[BlackFideId "11000627"]
[EventDate "2012.08.28"]

1. d4 Nf6 2. c4 g6 3. Nc3 Bg7 4. e4 d6 5. f3 O-O 6. Be3 c5 7. dxc5 dxc5 8. Qxd8
Rxd8 9. Bxc5 Nc6 10. Nge2 b6 11. Ba3 Ba6 12. Nd5 Bxc4 13. Nxe7+ Nxe7 14. Bxe7
Re8 15. Bxf6 Bxf6 16. Nc3 Rac8 17. Rc1 Bxc3+ 18. Rxc3 Bxa2 19. Bd3 Rxc3 20. bxc3
Rd8 21. Ke2 Be6 22. Ra1 Rd7 23. f4 Rc7 24. f5 gxf5 25. exf5 Bd5 26. f6 Rc6 27.
Rf1 a5 28. Rf4 Bb3 29. g4 h6 30. h4 a4 31. g5 a3 32. Rd4 Rc8 33. Rd7 Ra8 34. Be4
Be6 35. Re7 Rc8 36. Kd2 a2 37. Ra7 hxg5 38. hxg5 Kf8 39. Kc2 Kg8 40. Bd3 Kf8 41.
Kb2 Rd8 42. c4 Kg8 43. Kc3 Rc8 44. Kb4 Rd8 45. Bc2 Rc8 46. Bd3 Rd8 47. Kc3 Rc8
48. Kd4 Rd8+ 49. Ke3 Rc8 50. Kd4 Rd8+ 51. Kc3 Rc8 52. Kb4 Rd8 53. Bc2 Rc8 54.
Bb3 Kh7 55. Rxa2 Kg6 56. Rg2 Rc5 57. Bc2+ Bf5 58. Bxf5+ Rxf5 59. Rg4 Kh5 60. Rg2
Kg6 61. Rg3 Kh5 62. Ka4 Kg6 63. Rg2 Rc5 64. Kb4 Rf5 65. Rg1 Kh5 66. Kc3 b5 67.
cxb5 Rxb5 68. g6 fxg6 69. Rf1 Rb8 70. f7 Rf8 71. Kd4 Kh6 72. Ke5 Kg7 73. Ke6 Ra8
74. f8=Q+ Rxf8 75. Rxf8 Kxf8 76. Kf6 g5 77. Kxg5 1/2-1/2

[Event "40th Olympiad Open"]
[Site "Istanbul TUR"]
[Date "2012.09.04"]
[Round "7.31"]
[Board "3"]
[White "Gonzalez, Bernal"]
[Black "Urkedal, Frode"]
[Result "0-1"]
[WhiteTitle "IM"]
[BlackTitle "IM"]
[WhiteElo "2413"]
[BlackElo "2473"]
[WhiteTeam "Costa Rica"]
[BlackTeam "Norway"]
[WhiteFideId "6500170"]
[BlackFideId "1506102"]
[EventDate "2012.08.28"]

1. d4 Nf6 2. c4 e6 3. g3 c5 4. Nf3 cxd4 5. Nxd4 Nc6 6. Nc3 Qb6 7. Nb3 Ne5 8. e4
Bb4 9. Qe2 d6 10. f4 Nc6 11. Be3 Bxc3+ 12. bxc3 Qc7 13. Bg2 O-O 14. c5 d5 15. e5
Ne4 16. Bxe4 dxe4 17. Nd2 b6 18. Rb1 Ne7 19. O-O Bb7 20. c4 Nf5 21. g4 Nxe3 22.
Qxe3 Rfd8 23. Nxe4 Bxe4 24. Qxe4 Qxc5+ 25. Kh1 Rac8 26. Rbd1 g6 27. f5 Rxd1 28.
Rxd1 exf5 29. gxf5 gxf5 30. Qg2+ Kf8 31. Qg5 Qc6+ 32. Rd5 b5 33. e6 bxc4 34.
Qh6+ Ke7 35. Qg5+ Kxe6 36. Qxf5+ Ke7 37. Qe4+ Kf8 38. Qg2 Qg6 39. Qd2 Qc6 40.
Qg2 Re8 41. h4 c3 0-1

[Event "40th Olympiad Open"]
[Site "Istanbul TUR"]
[Date "2012.09.04"]
[Round "7.31"]
[Board "4"]
[White "Bae, Torstein"]
[Black "Murillo Tsijli, Alexis"]
[Result "1-0"]
[WhiteTitle "IM"]
[BlackTitle "IM"]
[WhiteElo "2420"]
[BlackElo "2278"]
[WhiteTeam "Norway"]
[BlackTeam "Costa Rica"]
[WhiteFideId "1501887"]
[BlackFideId "6500218"]
[EventDate "2012.08.28"]

1. e4 e6 2. d4 d5 3. Nc3 Nf6 4. e5 Nfd7 5. f4 c5 6. Nf3 Nc6 7. Be3 cxd4 8. Nxd4
Bc5 9. Qd2 Nxd4 10. Bxd4 Bxd4 11. Qxd4 Qb6 12. Qd2 Qxb2 13. Rb1 Qa3 14. Nb5 Qxa2
15. Nd6+ Ke7 16. Rc1 b6 17. Be2 Qa5 18. c3 Ba6 19. O-O Bxe2 20. Qxe2 Qc5+ 21.
Kh1 h5 22. c4 d4 23. Qf2 h4 24. f5 Nxe5 25. Ne4 Qc7 26. f6+ gxf6 27. Qxf6+ Kd7
28. c5 Rh5 29. cxb6 Qxb6 30. Rc5 Qb8 31. Rxe5 Rxe5 32. Qxf7+ Kc6 33. Rc1+ Kb6
34. Qd7 Rb5 35. Qxd4+ Ka6 36. Rc6+ Qb6 37. Nc5+ Rxc5 38. Qxc5 1-0